| 000 | 00546nam a22001937a 4500 | ||
|---|---|---|---|
| 008 | 150921b xxu||||| |||| 00| 0 eng d | ||
| 020 | _a9780205723904 | ||
| 020 | _a020572390X | ||
| 041 | 0 | _aeng | |
| 080 | _a327 | ||
| 100 | 1 | _aGoldstein, Joshua S., | |
| 245 | 1 | 0 |
_aInternational relations / _cJoshua S. Goldstein, Jon C. Pevehouse. |
| 250 | _a9th ed. | ||
| 260 |
_aNew York : _bLongman, _c2010. |
||
| 300 |
_axxxii, 561 f. : _bme il.; _c26 cm. |
||
| 650 | 0 | _aMarrëdhëniet ndërkombëtare | |
| 700 | 1 | _aPevehouse, Jon C. | |
| 942 |
_2udc _cBK |
||
| 999 |
_c1154 _d1154 |
||